000
00337nam a2200133Ia 4500
008
240624s9999 xx 000 0 und d
041
_a
eng
082
_a
658.403 COO
100
_a
COOPER WILLIAM W
245
_a
INTRODUCTION TO DATA ENVELOPMENT ANALYSIS AN
260
_c
2006
_a
Texas
_b
Springer
300
_a
354 : p.
365
_c
ERU
_b
30
999
_c
26569
_d
26569